000 00491nam a2200169Ia 4500
008 221030s9999 xx 000 0 und d
020 _a8131726907
041 _aEnglish
082 _a105.23
100 _aN. Bieberstein
245 0 _aService - Oriented Architecture ( SOA ) Compass : Business Value, Planning & Enterprise Roadmap
_cby N. Bieberstein, S. Bose
260 _bPearson Edcuation
_aNew Delhi
_c2006
300 _a232
650 _aComputers
700 _aS. Bose
942 _cBK
999 _c9626
_d9626